| 000 | 00886nam a2200253Ia 4500 | ||
|---|---|---|---|
| 999 |
_c50834 _d50834 |
||
| 001 | 17788 | ||
| 003 | GE_BSU | ||
| 005 | 20200224122843.0 | ||
| 008 | 181216s2009 xx |||||||||||||| ||fre|| | ||
| 020 | _a9782278062614 | ||
| 040 | _cGE_BSU | ||
| 041 | _afre | ||
| 080 | _a811.133.1 Ch-51 | ||
| 100 |
_aCherifi, Soade. _97391 |
||
| 245 |
_aTravailler en francais en entreprise : _b2. Niveaux A2/B1 du CECR. + CD audio-rom : Methode de francais sur objectifs specifiques / _c Soade Cherifi ; Giradeau Bruno ; Mistichelli Marrion. |
||
| 264 |
_aParis : _bDidier, _c2009. |
||
| 300 |
_a160 p.: _c27 cm. _e+ CD audio-rom |
||
| 653 | _aMethode de francais sur objectifs specifiques | ||
| 653 | _aTravailler en francais en entreprise | ||
| 653 | _aფრანგული ენა | ||
| 700 |
_aGiradeau, Bruno _97392 |
||
| 700 |
_a Mistichelli, Marrion _97393 |
||
| 942 |
_cBK _2udc |
||